Giáo trình thực hành PIC vi điều khiển và ứng dụng :
Sách gồm 10 chương: Cấu hình kit thực hành vi điêu khiển, sử dụng phần mềm CCs và PICKIT, thực hành module 1: 32 LED đơn dùng thanh ghi dịch 74HC595, nút nhấn, bàn phím ma trận ...
Guardado en:
| Autor principal: | |
|---|---|
| Formato: | Libro |
| Lenguaje: | Undetermined |
| Publicado: |
Hà Nội
Thanh niên
2018
|
| Materias: | |
| Etiquetas: |
Agregar Etiqueta
Sin Etiquetas, Sea el primero en etiquetar este registro!
|
| Thư viện lưu trữ: | Trung tâm Học liệu Trường Đại học Cần Thơ |
|---|
| LEADER | 00929nam a2200205Ia 4500 | ||
|---|---|---|---|
| 001 | CTU_230923 | ||
| 008 | 210402s9999 xx 000 0 und d | ||
| 020 | |c 116000 | ||
| 082 | |a 629.895 | ||
| 082 | |b Ph500 | ||
| 100 | |a Nguyễn, Đình Phú | ||
| 245 | 0 | |a Giáo trình thực hành PIC vi điều khiển và ứng dụng : | |
| 245 | 0 | |c Nguyễn Đình Phú, Phan Văn Hoàn, Trương Ngọc Anh | |
| 260 | |a Hà Nội | ||
| 260 | |b Thanh niên | ||
| 260 | |c 2018 | ||
| 520 | |a Sách gồm 10 chương: Cấu hình kit thực hành vi điêu khiển, sử dụng phần mềm CCs và PICKIT, thực hành module 1: 32 LED đơn dùng thanh ghi dịch 74HC595, nút nhấn, bàn phím ma trận ... | ||
| 650 | |a Hệ thống điều khiển số,Digital control systems | ||
| 910 | |b nthai | ||
| 980 | |a Trung tâm Học liệu Trường Đại học Cần Thơ | ||